000
00285nam a22001097a 4500
082
_a
380.13BHA
100
_a
Bhagwati, J
245
_a
The theory and practices of commercial policy
260
_a
Amerca
_b
princeton university press
_c
1968
300
_a
vi, 74p
_b
Bibliography
942
_c
BK
999
_c
20055
_d
20055